[Event "Olimpiade 2016 - Donne"]
[Site "Baku"]
[Date "12.09.2016"]
[Round "10.11"]
[Board "4"]
[White "Nguyen, Thi Thanh An"]
[Black "Narva, Triin"]
[Result "1/2-1/2"]
[WhiteTitle "WGM"]
[BlackTitle "WCM"]
[WhiteElo "2249"]
[BlackElo "2023"]
[WhiteTeam "Vietnam"]
[BlackTeam "Estonia"]
[WhiteFideId "12400300"]
[BlackFideId "4502680"]
[EventDate "2016.09.02"]

1. d4 Nf6 2. c4 g6 3. Nc3 Bg7 4. e4 d6 5. Be2 O-O 6. Bg5 c6 7. Nf3 Bg4 8. O-O
Nbd7 9. Rc1 Qa5 10. Be3 Rad8 11. h3 Bxf3 12. Bxf3 b5 13. cxb5 cxb5 14. Qb3 Rb8
15. Rfd1 Rfc8 16. g4 e6 17. g5 Ne8 18. Bg4 Qd8 19. Ne2 Rxc1 20. Rxc1 a5 21. Rc6
a4 22. Qc2 Nb6 23. b3 axb3 24. axb3 d5 25. Bf4 Ra8 26. Qc5 Nd7 27. Qxb5 dxe4 28.
Qb7 Ra1+ 29. Kg2 Ra8 30. d5 e5 31. Be3 Nf8 32. d6 f5 33. gxf6 Nxf6 34. Qe7 Nxg4
35. hxg4 Bf6 36. Qxd8 Bxd8 37. Nc3 Rb8 38. Nxe4 Rb4 39. f3 Rxb3 40. Bh6 Ne6 41.
Bd2 Rb2 42. Kg3 g5 43. Ra6 Rc2 44. Kf2 Kf7 45. Ke1 Rb2 46. Bc3 Rb5 47. Ra7+ Kg6
48. Rd7 h6 49. Ng3 Rc5 50. Kd2 Rd5+ 51. Kc2 Bb6 52. Nf5 Rc5 53. Kd2 Bd8 54. Ne7+
Bxe7 55. dxe7 Kf7 56. Bb4 Rc4 57. Rd8 Rd4+ 58. Rxd4 Nxd4 59. Kd3 Nxf3 60. Ke4
Nh4 61. Kxe5 Ng6+ 62. Kf5 Nh4+ 63. Ke5 Ng6+ 64. Kf5 Nh4+ 1/2-1/2

[Event "Olimpiade 2016 - Donne"]
[Site "Baku"]
[Date "12.09.2016"]
[Round "10.12"]
[Board "1"]
[White "Peng, Zhaoqin"]
[Black "Muminova, Nafisa"]
[Result "1-0"]
[WhiteTitle "GM"]
[BlackTitle "WGM"]
[WhiteElo "2368"]
[BlackElo "2324"]
[WhiteTeam "Netherlands"]
[BlackTeam "Uzbekistan"]
[WhiteFideId "1004786"]
[BlackFideId "14201526"]
[EventDate "2016.09.02"]

1. c4 c6 2. Nf3 d5 3. e3 Nf6 4. Nc3 Bg4 5. Qb3 Qb6 6. Ne5 Be6 7. d4 dxc4 8. Bxc4
Bxc4 9. Qxc4 e6 10. O-O Be7 11. e4 O-O 12. Be3 Qa6 13. a3 Rd8 14. f3 Nfd7 15.
Qxa6 Nxa6 16. Nc4 b6 17. Rfd1 Nc7 18. Rac1 Ne8 19. Kf2 Nd6 20. Ne2 Nxc4 21. Rxc4
c5 22. a4 Ne5 23. Rcc1 cxd4 24. Nxd4 Rac8 25. Rxc8 Rxc8 26. Ke2 Kf8 27. Rc1 Rxc1
28. Bxc1 Bc5 29. Nb3 Bb4 30. Be3 Nc4 31. Bd4 f6 32. Kd3 Nd6 33. e5 fxe5 34. Bxe5
Nc8 35. Nd4 Kf7 36. Nc6 Be1 37. Kc4 g6 38. Kb5 Ke8 39. Ka6 Bf2 40. Kb7 Ne7 41.
Nxe7 Kxe7 42. b4 Kd7 43. b5 h5 44. Bb8 g5 45. Bxa7 g4 46. Bxb6 1-0

[Event "Olimpiade 2016 - Donne"]
[Site "Baku"]
[Date "12.09.2016"]
[Round "10.12"]
[Board "3"]
[White "Lanchava, Tea"]
[Black "Kurbonboeva, Sarvinoz"]
[Result "1/2-1/2"]
[WhiteTitle "IM"]
[BlackTitle "WIM"]
[WhiteElo "2258"]
[BlackElo "2223"]
[WhiteTeam "Netherlands"]
[BlackTeam "Uzbekistan"]
[WhiteFideId "1005308"]
[BlackFideId "14201780"]
[EventDate "2016.09.02"]

1. c4 c6 2. Nf3 d5 3. e3 Nf6 4. Nc3 Bg4 5. Qb3 Qb6 6. Qxb6 axb6 7. cxd5 Nxd5 8.
Nxd5 cxd5 9. Ne5 Bc8 10. Bb5+ Nd7 11. f4 e6 12. O-O f6 13. Nf3 Bd6 14. b3 Ke7
15. Bb2 Nb8 16. Nd4 Bd7 17. Be2 Rc8 18. a4 Nc6 19. Nb5 Bb4 20. Nc3 Ra5 21. Bd3
g6 22. Rad1 Raa8 23. Rf3 Na5 24. Rh3 Rh8 25. Bc2 Rac8 26. g4 Bxc3 27. Bxc3 e5
28. Rg3 d4 29. exd4 exd4 30. Bb4+ Kf7 31. Bb1 Be6 32. Re1 Rhe8 33. Kf2 Bd5 34.
Rxe8 Kxe8 35. Rh3 Bg8 36. f5 gxf5 37. Bxf5 Rc7 38. Rh6 Kf7 39. g5 fxg5 40. Rxb6
Nxb3 41. Be6+ Kg7 42. Bd6 Bxe6 43. Bxc7 Kf6 44. Bd8+ Kf5 45. Rb5+ Ke4 46. Bxg5
Bd5 47. d3+ Ke5 48. Rb6 Nc5 49. Bf6+ Kf4 50. Bxd4 Nxd3+ 51. Ke2 Ke4 52. Be3 Bc6
53. a5 Ne5 54. Rb4+ Kf5 55. Rh4 Bf3+ 56. Kf2 Bd1 57. Rxh7 Ng4+ 58. Ke1 Bf3 59.
Kd2 Bc6 60. h4 Kg6 61. Rc7 Ne5 62. Kc3 Bf3 63. Kb4 Kf5 64. Kc5 Kg4 65. Bg5 Bg2
66. Kb6 Bf3 67. Bf6 Nc6 68. Rxb7 Nxa5 69. Rg7+ Kf5 70. Kxa5 Kxf6 71. Rg5 Be4 72.
Kb6 Bf5 73. Kc5 Bg6 74. Kd4 Bf5 75. Ke3 Bc2 76. Kf4 Bd3 77. Rc5 Kg6 78. h5+ Kh6
79. Kg3 Be2 80. Kh4 Bf3 81. Rb5 Be4 82. Rb6+ Kg7 83. Kg5 Bf3 84. h6+ Kh7 85. Ra6
Be4 86. Ra7+ Kh8 87. Kf6 Bh7 88. Kf7 Be4 89. Ra4 Bc2 90. Rb4 Kh7 91. Kf6 Bd3 92.
Rb7+ Kh8 93. Rg7 Be4 94. Rg3 Bb1 95. Rh3 Be4 96. Rg3 Bb1 97. Kf7 Ba2+ 98. Kf8
Bb1 99. Rg7 Bc2 100. Rg8+ Kh7 101. Rg2 Bd3 102. Rd2 Bg6 103. Rd8 Kxh6 104. Ke7
Kg7 105. Ke6 Bf7+ 106. Kf5 Bg8 107. Kg5 Kh7 108. Rd7+ Kh8 109. Kg6 Bc4 110. Rh7+
Kg8 111. Rc7 Bd3+ 112. Kf6 Bb1 113. Rc1 Bd3 114. Rh1 Bc2 115. Re1 Bd3 116. Re8+
Kh7 117. Rc8 Bb1 118. Rb8 Bd3 119. Rb3 Bc2 120. Rh3+ Kg8 121. Kg5 Kg7 122. Rc3
Bb1 123. Rb3 Bc2 124. Rb7+ Kg8 125. Kh6 Bd3 126. Rd7 Bc2 127. Rg7+ Kf8 128. Rg3
Bb1 129. Rg5 Kf7 130. Kh5 Bc2 131. Kg4 Bg6 132. Rc5 Kf6 133. Rc6+ Kg7 134. Kg5
Bb1 135. Rc7+ Kg8 136. Rc3 Kg7 137. Rb3 Bc2 138. Rb7+ Kg8 139. Kh6 Bd3 140. Rg7+
Kf8 141. Rg3 Bb1 142. Kg5 Kg7 143. Kf4+ Kf6 144. Rc3 Bg6 145. Rc7 Bd3 146. Ke3
Bg6 1/2-1/2

[Event "Olimpiade 2016 - Donne"]
[Site "Baku"]
[Date "12.09.2016"]
[Round "10.12"]
[Board "4"]
[White "Nadirjanova, Nodira"]
[Black "Kazarian, Anna-Maja"]
[Result "1/2-1/2"]
[BlackTitle "FM"]
[WhiteElo "2126"]
[BlackElo "2231"]
[WhiteTeam "Uzbekistan"]
[BlackTeam "Netherlands"]
[WhiteFideId "14201232"]
[BlackFideId "1033689"]
[EventDate "2016.09.02"]

1. d4 d5 2. c4 c6 3. cxd5 cxd5 4. Bf4 Nc6 5. Nc3 e5 6. dxe5 d4 7. Ne4 Bf5 8. Nd2
Nge7 9. a3 Nd5 10. Bg3 h5 11. Ngf3 Be7 12. h3 Qa5 13. Bh4 Ne3 14. fxe3 dxe3 15.
Bxe7 exd2+ 16. Qxd2 Qxd2+ 17. Kxd2 Kxe7 18. Ke3 Rhd8 19. Kf4 Be6 20. e3 Na5 21.
Rc1 Rac8 22. Rxc8 Rxc8 23. Bd3 Nc4 24. Rb1 a5 25. Nd4 g5+ 26. Kxg5 Nxe5 27. Bh7
f6+ 28. Kf4 Rc4 29. b3 Rc3 30. Nxe6 Kxe6 31. a4 Nd3+ 32. Bxd3 Rxd3 33. b4 Ra3
34. bxa5 Rxa4+ 35. e4 Rxa5 36. Rxb7 Rg5 37. g3 Ra5 38. Rh7 Rb5 39. h4 Ra5 40. g4
hxg4 41. Kxg4 f5+ 42. exf5+ Rxf5 43. Ra7 Rb5 44. h5 Kf6 45. h6 Kg6 46. h7 Rb8
47. Rc7 Rh8 48. Rc6+ Kxh7 49. Kh5 Ra8 50. Rc7+ Kg8 1/2-1/2

[Event "Olimpiade 2016 - Donne"]
[Site "Baku"]
[Date "12.09.2016"]
[Round "10.13"]
[Board "1"]
[White "Tan, Li Ting"]
[Black "Cori T., Deysi"]
[Result "1/2-1/2"]
[WhiteTitle "WFM"]
[BlackTitle "WGM"]
[WhiteElo "1993"]
[BlackElo "2402"]
[WhiteTeam "Malaysia"]
[BlackTeam "Peru"]
[WhiteFideId "5704820"]
[BlackFideId "3801934"]
[EventDate "2016.09.02"]

1. d4 Nf6 2. c4 g6 3. Nc3 d5 4. cxd5 Nxd5 5. Bd2 Bg7 6. e4 Nb6 7. Be3 O-O 8. h3
c6 9. Nf3 Be6 10. b3 c5 11. Rc1 cxd4 12. Nxd4 Bd7 13. Bb5 Bxb5 14. Ncxb5 N8d7
15. O-O a6 16. Nc3 Rc8 17. Qe2 e6 18. Rfd1 Qe7 19. Qe1 Na8 20. Nce2 Rxc1 21.
Rxc1 Rd8 22. Qa5 h6 23. Nf3 Nb8 24. Qc5 Qe8 25. Bd4 Qf8 26. Qxf8+ Rxf8 27. Bxg7
Kxg7 28. Ne5 Kf6 29. f4 Rd8 30. Rc2 Ke7 31. Kf2 Nd7 32. Nxd7 Rxd7 33. Ke3 Nc7
34. Nd4 Ne8 35. g3 h5 36. Rd2 Nd6 37. e5 Ne8 38. Nf3 Rc7 39. g4 hxg4 40. hxg4
Rc3+ 41. Rd3 Rc1 42. Nd4 Nc7 43. Ne2 Rc2 44. Nc3 a5 45. a3 b5 46. b4 axb4 47.
axb4 Rb2 48. Rd4 Na6 49. Rd6 Nxb4 50. Rb6 Rb3 51. Kd2 Rb2+ 52. Ke3 Rc2 53. Rb7+
Kf8 54. Nxb5 Nd5+ 55. Kf3 Rc1 56. f5 gxf5 57. gxf5 Rf1+ 58. Ke4 Rxf5 59. Nd6
Rf4+ 60. Kd3 Kg7 61. Rb8 Rf1 62. Rb7 Rf4 63. Rb8 Ne7 64. Ke3 Nd5+ 65. Kd3 Rf3+
66. Ke4 Rf1 67. Rb7 Kg6 68. Ra7 Nb4 69. Rc7 Nd5 70. Rb7 Rf2 71. Rb8 Re2+ 72. Kd4
Ne7 73. Rb7 Nc6+ 74. Kd3 Rf2 75. Nc4 Rf5 76. Ke4 Kg5 77. Rb6 Ne7 78. Rb1 Rf4+
79. Kd3 Ng6 80. Rg1+ Kf5 81. Nd6+ Kxe5 82. Nxf7+ Kf6 83. Nd6 Nh4 84. Ne4+ Ke5
85. Rg5+ Nf5 86. Nd2 Rd4+ 87. Ke2 Kf4 88. Rg8 Ra4 89. Rf8 Ra2 90. Kd3 Ra3+ 91.
Kc4 Ke3 92. Nb3 Ra4+ 93. Kc3 Ra7 94. Rf6 Rc7+ 95. Kb4 Rb7+ 96. Kc3 Rc7+ 97. Kb4
Re7 98. Nc5 Nd4 99. Rh6 e5 100. Rh4 Re8 101. Kc4 Nf3 102. Re4+ Kf2 103. Nd3+ Kg3
104. Kc5 Rc8+ 105. Kb6 Re8 106. Kc7 Kg2 107. Kd7 Rg8 108. Nxe5 Rg7+ 109. Kd6 1/2-1/2

[Event "Olimpiade 2016 - Donne"]
[Site "Baku"]
[Date "12.09.2016"]
[Round "10.13"]
[Board "2"]
[White "Sanchez Zambrano, Vanessa"]
[Black "Azman Hisham, Nur Nabila"]
[Result "0-1"]
[BlackTitle "WCM"]
[WhiteElo "1892"]
[BlackElo "1994"]
[WhiteTeam "Peru"]
[BlackTeam "Malaysia"]
[WhiteFideId "3804925"]
[BlackFideId "5702135"]
[EventDate "2016.09.02"]

1. d4 c5 2. d5 Nf6 3. c4 b5 4. cxb5 a6 5. bxa6 Bxa6 6. Nc3 d6 7. g3 g6 8. Bg2
Bg7 9. Nf3 O-O 10. O-O Qb6 11. Rb1 Nbd7 12. b3 Rfb8 13. Qc2 Qa5 14. Rd1 Bb7 15.
Bd2 Nb6 16. a4 Qa6 17. e4 Bc8 18. Bf1 Qb7 19. h3 e6 20. Nb5 Ne8 21. a5 Nd7 22.
dxe6 fxe6 23. Bf4 Rxa5 24. Nxd6 Nxd6 25. Rxd6 Rba8 26. Ng5 Nf8 27. Bc4 Qe7 28.
Rbd1 Bd4 29. Qd3 h6 30. Nf3 g5 31. Nxd4 cxd4 32. Bd2 Qxd6 33. Bxa5 Rxa5 34. Qxd4
Qxd4 35. Rxd4 Ba6 36. b4 Ra1+ 37. Kg2 Bxc4 38. Rxc4 Rb1 39. Kf3 Kg7 40. Rc7+ Kf6
41. Rb7 Ng6 42. Ke3 Rb3+ 43. Kd4 Ne5 44. b5 Rb4+ 45. Kc5 Nd3+ 46. Kd6 Rd4+ 47.
Kc6 Nxf2 48. Rh7 Nxe4 49. Rxh6+ Ke5 50. g4 Rc4+ 51. Kb6 Rc8 52. Rh7 Nd6 53. h4
Rb8+ 54. Kc6 Nxb5 55. hxg5 Nd4+ 56. Kc5 Rc8+ 57. Kb4 Rg8 58. Rh5 Kf4 59. Kc4 Nf3
60. Rh6 Nxg5 61. Rf6+ Kxg4 62. Kd4 Rd8+ 63. Ke3 e5 64. Rf1 Ra8 65. Rg1+ Kf5 66.
Rf1+ Ke6 67. Rg1 Ra3+ 68. Ke2 Kf5 69. Rb1 e4 0-1

[Event "Olimpiade 2016 - Donne"]
[Site "Baku"]
[Date "12.09.2016"]
[Round "10.13"]
[Board "3"]
[White "Azman Hisham, Nur Najiha"]
[Black "Chumpitaz, Ann"]
[Result "1-0"]
[WhiteTitle "WFM"]
[BlackTitle "WIM"]
[WhiteElo "1973"]
[BlackElo "2150"]
[WhiteTeam "Malaysia"]
[BlackTeam "Peru"]
[WhiteFideId "5704685"]
[BlackFideId "3804178"]
[EventDate "2016.09.02"]

1. d4 Nf6 2. c4 e6 3. Nf3 b6 4. g3 Bb7 5. Bg2 Bb4+ 6. Bd2 Qe7 7. O-O O-O 8. a3
Bxd2 9. Nbxd2 c5 10. Re1 d6 11. e4 cxd4 12. Nxd4 Nbd7 13. f4 e5 14. Nb5 Rfc8 15.
Qe2 Nc5 16. b4 Ne6 17. f5 Nd8 18. Qd3 Ne8 19. g4 h5 20. gxh5 a6 21. Nc3 Qh4 22.
Re3 Qxh5 23. Rg3 Qh6 24. Kh1 Rc7 25. Rg1 Rac8 26. Rh3 Qf6 27. Qe3 b5 28. Bf3 Kf8
29. Rh8+ Ke7 30. Nd5+ Bxd5 31. exd5 Nb7 32. Ne4 Qxf5 33. Bg4 Qf4 34. Qxf4 exf4
35. Bxc8 Rxc8 36. c5 f5 37. c6 Nd8 38. Rxe8+ 1-0

[Event "Olimpiade 2016 - Donne"]
[Site "Baku"]
[Date "12.09.2016"]
[Round "10.13"]
[Board "4"]
[White "Felix Vega, Aurora Edith"]
[Black "Azhar, Puteri Rifqah Fahada"]
[Result "0-1"]
[WhiteTitle "WFM"]
[BlackTitle "WFM"]
[WhiteElo "2053"]
[BlackElo "1945"]
[WhiteTeam "Peru"]
[BlackTeam "Malaysia"]
[WhiteFideId "3804976"]
[BlackFideId "5702879"]
[EventDate "2016.09.02"]

1. e4 c5 2. Nf3 e6 3. Nc3 a6 4. d4 cxd4 5. Nxd4 Qc7 6. Be2 Nf6 7. O-O Be7 8. Be3
d6 9. f4 Nbd7 10. Qe1 b5 11. Bf3 Bb7 12. a3 Nc5 13. Bf2 Rd8 14. Rd1 O-O 15. f5
e5 16. Nb3 Nfd7 17. Nc1 Nb6 18. N1a2 Nca4 19. b3 Nxc3 20. Qxc3 Qxc3 21. Nxc3 Nd7
22. Rd2 Rc8 23. Nd1 Rc7 24. Nb2 Rc3 25. Nd1 Rc7 26. Nb2 Rc3 27. Be1 Rfc8 28.
Rff2 d5 29. Rxd5 Bxd5 30. Bxc3 Bc5 31. Nd1 Bxf2+ 32. Kxf2 Bb7 33. Ke3 f6 34. g4
Kf7 35. Kd2 Nc5 36. Nf2 Bc6 37. g5 fxg5 38. Bb4 Nd7 39. Nd3 Re8 40. Bd6 Kf6 41.
c4 g4 42. Bg2 bxc4 43. bxc4 Nb6 44. Kc3 Nxc4 45. Bc5 Na5 46. Bf2 Bb5 47. Nc5 Rc8
48. a4 Nb7 49. axb5 Nxc5 50. Bh4+ Kf7 51. b6 Na4+ 52. Kb4 Nxb6 53. Bf1 a5+ 54.
Kxa5 Nc4+ 55. Kb4 Nd2 56. Bd3 Nf3 57. Bg3 h5 58. Ba6 Rc2 59. Bd3 Rxh2 60. Bc4+
Kf6 61. Bxh2 Nxh2 0-1

[Event "Olimpiade 2016 - Donne"]
[Site "Baku"]
[Date "12.09.2016"]
[Round "10.14"]
[Board "1"]
[White "Peptan, Corina-Isabela"]
[Black "Unuk, Laura"]
[Result "0-1"]
[WhiteTitle "IM"]
[BlackTitle "WIM"]
[WhiteElo "2394"]
[BlackElo "2332"]
[WhiteTeam "Romania"]
[BlackTeam "Slovenia"]
[WhiteFideId "1201930"]
[BlackFideId "14609215"]
[EventDate "2016.09.02"]

1. d4 d5 2. c4 c6 3. Nc3 Nf6 4. e3 Bf5 5. cxd5 cxd5 6. Qb3 Bc8 7. Nf3 e6 8. Bb5+
Nbd7 9. Ne5 Bd6 10. f4 O-O 11. O-O a6 12. Bd3 b5 13. a4 b4 14. Ne2 a5 15. Bd2
Ba6 16. Bxa6 Rxa6 17. Rfc1 Ne4 18. Qd3 Nb8 19. Be1 f6 20. Nf3 Rb6 21. Qb3 f5 22.
Rc2 h6 23. Nc1 Nd7 24. Qd3 Qa8 25. Nb3 Rbb8 26. Rac1 Nb6 27. Nc5 Bxc5 28. dxc5
b3 29. Re2 Nxa4 30. Qd4 Qc6 31. Ra1 Qb5 32. Qd1 Nexc5 33. Nd4 Qa6 34. Rf2 Rfc8
35. Qe2 Qxe2 36. Rxe2 Ra8 37. Nxe6 Nxe6 38. Rxa4 Rc1 39. Kf2 Nc5 40. Rd4 Ne4+
41. Kf3 a4 42. Rxd5 a3 43. bxa3 Rb8 44. Rb2 Rxe1 45. Rxf5 Nc3 46. Ra5 Nd1 47.
Rb1 b2 48. Re5 Rf1+ 49. Kg3 Nxe3 0-1

[Event "Olimpiade 2016 - Donne"]
[Site "Baku"]
[Date "12.09.2016"]
[Round "10.14"]
[Board "2"]
[White "Krivec, Jana"]
[Black "Foisor, Cristina-Adela"]
[Result "1/2-1/2"]
[WhiteTitle "WGM"]
[BlackTitle "IM"]
[WhiteElo "2259"]
[BlackElo "2353"]
[WhiteTeam "Slovenia"]
[BlackTeam "Romania"]
[WhiteFideId "14601982"]
[BlackFideId "1200496"]
[EventDate "2016.09.02"]

1. e4 c5 2. Nc3 Nc6 3. Bb5 Nd4 4. Nf3 Nxb5 5. Nxb5 d6 6. d4 Nf6 7. O-O a6 8. Nc3
cxd4 9. Qxd4 e5 10. Qd3 h6 11. Nd2 Be6 12. Nc4 Rc8 13. Ne3 Be7 14. Ncd5 Nxd5 15.
Nxd5 Bxd5 16. Qxd5 Qb6 17. c4 Qc6 18. Qxc6+ Rxc6 19. b3 Kd7 20. Rd1 b5 21. cxb5
axb5 22. Be3 Ra8 23. Rd5 Rc2 24. Rxb5 Rcxa2 25. Rxa2 Rxa2 26. g3 Bg5 27. Rb7+
Kc6 28. Rxf7 Bxe3 29. fxe3 Re2 30. Rxg7 Rxe3 31. Rh7 Rxe4 32. Rxh6 Rb4 33. h4 1/2-1/2

[Event "Olimpiade 2016 - Donne"]
[Site "Baku"]
[Date "12.09.2016"]
[Round "10.14"]
[Board "3"]
[White "Cosma, Elena-Luminita"]
[Black "Kolaric, Spela"]
[Result "1/2-1/2"]
[WhiteTitle "WGM"]
[BlackTitle "WFM"]
[WhiteElo "2331"]
[BlackElo "2079"]
[WhiteTeam "Romania"]
[BlackTeam "Slovenia"]
[WhiteFideId "1201590"]
[BlackFideId "14607093"]
[EventDate "2016.09.02"]

1. d4 Nf6 2. Nf3 e6 3. c4 d5 4. Nc3 Be7 5. Bf4 O-O 6. e3 c5 7. dxc5 Bxc5 8. cxd5
Nxd5 9. Nxd5 exd5 10. Bd3 Bb4+ 11. Kf1 g6 12. h4 Bg4 13. h5 Nc6 14. a3 Bd6 15.
Bh6 Re8 16. hxg6 hxg6 17. Be2 Qf6 18. Bg5 Qe6 19. Nd4 Bxe2+ 20. Nxe2 Qf5 21. Bf4
Rad8 22. Nd4 Qf6 23. Nxc6 bxc6 24. Bxd6 Rxd6 25. Qd4 Qxd4 26. exd4 Re4 27. Rd1
Rde6 28. Rh3 Re2 29. Rb3 Rc2 30. Re1 Rf6 31. f3 Rd2 32. Rb4 a5 33. Ra4 Rxb2 34.
Rxa5 Rd2 35. Ra4 Rf4 36. Rc1 Rh4 37. Kg1 Rhxd4 38. Rxd4 Rxd4 39. Rxc6 Ra4 40.
Rc8+ 1/2-1/2

[Event "Olimpiade 2016 - Donne"]
[Site "Baku"]
[Date "12.09.2016"]
[Round "10.14"]
[Board "4"]
[White "Vidic, Teja"]
[Black "Bulmaga, Irina"]
[Result "0-1"]
[WhiteTitle "WFM"]
[BlackTitle "IM"]
[WhiteElo "2121"]
[BlackElo "2395"]
[WhiteTeam "Slovenia"]
[BlackTeam "Romania"]
[WhiteFideId "14605511"]
[BlackFideId "13903063"]
[EventDate "2016.09.02"]

1. e4 e5 2. Nf3 Nc6 3. d4 exd4 4. Nxd4 Bb4+ 5. c3 Bc5 6. Be3 Bb6 7. Bc4 d6 8.
O-O Ne5 9. Be2 Nf6 10. Nd2 O-O 11. h3 Re8 12. Qc2 Ng6 13. Rad1 Bd7 14. Rfe1 c6
15. Bd3 Bc7 16. N2f3 h6 17. c4 Qc8 18. Ne2 Be6 19. Nf4 Nxf4 20. Bxf4 Nd7 21. Bf1
Ne5 22. Nd4 Bb6 23. Bxe5 dxe5 24. Nxe6 Qxe6 25. c5 Bc7 26. Bc4 Qe7 27. Rd3 Kh8
28. b4 Rad8 29. Red1 Rd4 30. f3 a5 31. a3 b5 32. cxb6 Bxb6 33. Kh1 axb4 34. axb4
Red8 35. Qb3 Qa7 36. Kh2 f6 37. Kg3 R8d6 38. Kh2 Rxd3 39. Rxd3 Bg1+ 40. Kh1 Bd4
41. Qa2 Qb8 42. Qb3 Rd7 43. Rd2 Rb7 44. Qa4 Rxb4 45. Qxc6 Rxc4 46. Qxc4 Qb1+ 47.
Kh2 Bg1+ 48. Kg3 Qe1+ 49. Kg4 Qxd2 50. Qc8+ Kh7 51. Qf5+ g6 52. Qxf6 Qxg2+ 53.
Kh4 Bf2# 0-1

[Event "Olimpiade 2016 - Donne"]
[Site "Baku"]
[Date "12.09.2016"]
[Round "10.15"]
[Board "1"]
[White "Mamedjarova, Turkan"]
[Black "Mueller-Seps, Monika"]
[Result "1-0"]
[WhiteTitle "WGM"]
[BlackTitle "WGM"]
[WhiteElo "2304"]
[BlackElo "2276"]
[WhiteTeam "Azerbaijan 2"]
[BlackTeam "Switzerland"]
[WhiteFideId "13402005"]
[BlackFideId "1308521"]
[EventDate "2016.09.02"]

1. e4 c5 2. c3 Nf6 3. e5 Nd5 4. d4 cxd4 5. Qxd4 e6 6. Bc4 Nb6 7. Bb3 d6 8. Nf3
Nc6 9. Qe4 dxe5 10. Nxe5 Nxe5 11. Qxe5 Bd7 12. O-O Bc6 13. Qh5 Qf6 14. Re1 Qg6
15. Qh3 Be7 16. Na3 h6 17. Bf4 Nd5 18. Be5 Bxa3 19. bxa3 O-O-O 20. Rac1 Qg5 21.
Qg3 Qxg3 22. Bxg3 Rhe8 23. a4 g5 24. f3 Nf4 25. Bxf4 gxf4 26. Re2 Rg8 27. Kf2
Rg5 28. Rce1 Rd3 29. c4 Kc7 30. Rb1 Kd6 31. Bc2 Rd4 32. Be4 Rxc4 33. Rd2+ Kc5
34. Bxc6 Kxc6 35. g3 b6 36. gxf4 Rxf4 37. Rc1+ Rc5 38. Rg1 Rc3 39. Rg3 Rxa4 40.
Rh3 Rf4 41. Rxh6 Rfxf3+ 42. Kg2 Rf5 43. h4 b5 44. Rh8 b4 45. a4 Rfc5 46. h5 Rc2
47. Rc8+ Kb6 48. Rxc2 Rxh5 49. Rb8+ Ka5 50. Rc4 Kxa4 51. Rbxb4+ Ka3 52. Ra4+ Kb3
53. Rcb4+ Kc3 54. Rb7 a5 55. Ra7 Rf5 56. R4xa5 e5 57. Rd7 Rg5+ 58. Kf2 1-0

[Event "Olimpiade 2016 - Donne"]
[Site "Baku"]
[Date "12.09.2016"]
[Round "10.15"]
[Board "2"]
[White "Heinatz, Gundula"]
[Black "Khalafova, Narmin"]
[Result "1/2-1/2"]
[WhiteTitle "WIM"]
[BlackTitle "WIM"]
[WhiteElo "2205"]
[BlackElo "2219"]
[WhiteTeam "Switzerland"]
[BlackTeam "Azerbaijan 2"]
[WhiteFideId "4612434"]
[BlackFideId "13402625"]
[EventDate "2016.09.02"]

1. d4 d5 2. Nf3 Bf5 3. Bg5 h6 4. Bh4 c6 5. e3 Qb6 6. Qc1 Nd7 7. Nbd2 e6 8. Be2
Ngf6 9. O-O Be7 10. c4 a5 11. Re1 O-O 12. a3 c5 13. Ne5 Rfe8 14. Ndf3 Rac8 15.
Nxd7 Nxd7 16. Bxe7 Rxe7 17. cxd5 exd5 18. dxc5 Nxc5 19. Nd4 Bd7 20. Qd2 Ne4 21.
Qd3 Nc5 22. Qd2 Ne4 23. Qd3 Nc5 24. Qd2 Ne4 1/2-1/2

[Event "Olimpiade 2016 - Donne"]
[Site "Baku"]
[Date "12.09.2016"]
[Round "10.15"]
[Board "3"]
[White "Fataliyeva, Ulviyya"]
[Black "Georgescu, Lena"]
[Result "1-0"]
[WhiteTitle "WIM"]
[BlackTitle "WFM"]
[WhiteElo "2234"]
[BlackElo "2164"]
[WhiteTeam "Azerbaijan 2"]
[BlackTeam "Switzerland"]
[WhiteFideId "13403052"]
[BlackFideId "1331973"]
[EventDate "2016.09.02"]

1. e4 c5 2. Nf3 e6 3. Qe2 Nc6 4. g3 d5 5. e5 Nge7 6. Bg2 Nf5 7. c3 Be7 8. d3 O-O
9. h4 d4 10. Nbd2 f6 11. exf6 Bxf6 12. c4 Nd6 13. Ng5 Nb4 14. Nde4 Nxe4 15. Bxe4
h6 16. a3 Qa5 17. Kf1 Qa4 18. b3 Qa6 19. Bh7+ Kh8 20. Qe4 Bxg5 21. hxg5 Nc2 22.
gxh6 Qc6 23. hxg7+ Kxg7 24. Bh6+ Kh8 25. Qe5+ 1-0

[Event "Olimpiade 2016 - Donne"]
[Site "Baku"]
[Date "12.09.2016"]
[Round "10.15"]
[Board "4"]
[White "Stoeri, Laura"]
[Black "Umudova, Nargiz"]
[Result "0-1"]
[WhiteTitle "WFM"]
[BlackTitle "WGM"]
[WhiteElo "2084"]
[BlackElo "2247"]
[WhiteTeam "Switzerland"]
[BlackTeam "Azerbaijan 2"]
[WhiteFideId "1304313"]
[BlackFideId "13402137"]
[EventDate "2016.09.02"]

1. e4 c6 2. d4 d5 3. exd5 cxd5 4. Bd3 Nc6 5. c3 Qc7 6. h3 e6 7. Nf3 Bd6 8. O-O
Nge7 9. Re1 f6 10. c4 O-O 11. Nc3 a6 12. cxd5 Nxd5 13. Nxd5 exd5 14. Qc2 g5 15.
Bf5 Nb4 16. Qxc7 Bxc7 17. Bxh7+ Kf7 18. Bd2 Nc6 19. Bc2 g4 20. hxg4 Bxg4 21. Nh2
Bxh2+ 22. Kxh2 Rh8+ 23. Kg1 Rag8 24. Bd1 Nxd4 25. Rc1 Ne6 26. Bxg4 Rxg4 27. g3
Rg7 28. Rc3 Rgh7 29. Kf1 Rh2 30. Rd3 R8h5 31. g4 Rh1+ 32. Ke2 Re5+ 33. Re3 Rh4
34. Rxe5 fxe5 35. Kf3 Rh3+ 36. Kg2 Rd3 37. Bh6 e4 38. Re3 Rd1 39. Rb3 b5 40. Ra3
Nc5 41. Rc3 Kg6 42. Be3 Nd3 43. Rc6+ Kf7 44. g5 Ne5 45. Rf6+ Kg7 46. Rxa6 Nf3
47. Ra7+ Kg6 48. Ra6+ Kh5 49. Kg3 Nxg5 50. Rb6 b4 51. f4 Nf7 52. f5 d4 53. Bf4
Rd3+ 54. Kg2 Kg4 55. Bc1 Rd1 56. Bh6 Nxh6 57. Rxh6 Rd2+ 58. Kf1 Kxf5 59. a4 Rxb2
60. a5 Ra2 61. Ke1 b3 0-1

[Event "Olimpiade 2016 - Donne"]
[Site "Baku"]
[Date "12.09.2016"]
[Round "10.16"]
[Board "1"]
[White "Zimina, Olga"]
[Black "Frayna, Janelle Mae"]
[Result "0-1"]
[WhiteTitle "IM"]
[BlackTitle "WIM"]
[WhiteElo "2389"]
[BlackElo "2281"]
[WhiteTeam "Italy"]
[BlackTeam "Philippines"]
[WhiteFideId "4132190"]
[BlackFideId "5212499"]
[EventDate "2016.09.02"]

1. Nf3 d5 2. g3 c6 3. Bg2 Bg4 4. O-O e6 5. d3 Nd7 6. Nbd2 Bd6 7. h3 Bh5 8. Qe1
Ne7 9. e4 O-O 10. b3 e5 11. Bb2 Re8 12. Nh4 f6 13. Kh1 a5 14. a3 Qc7 15. Rc1 Bf7
16. Qe2 b5 17. Qg4 Nf8 18. f4 Qd7 19. fxe5 Qxg4 20. hxg4 fxe5 21. exd5 cxd5 22.
Nf5 Nxf5 23. gxf5 b4 24. axb4 axb4 25. Ra1 Nd7 26. Rxa8 Rxa8 27. Ra1 Rc8 28. Ra7
Nf6 29. Nf3 e4 30. Ng5 e3 31. Nxf7 e2 32. Ra1 Kxf7 33. Bxf6 Bxg3 34. Bd4 Rd8 35.
f6 gxf6 36. Bb6 Rd7 37. Bh3 Rb7 38. Bc5 e1=Q+ 39. Rxe1 Bxe1 40. Bf5 h5 41. Kg2
Rb8 42. d4 Rg8+ 43. Kf3 Rg5 44. Bc8 h4 45. Ke2 Bc3 46. Kf2 f5 47. Bb7 Ke6 48.
Bc8+ Kf6 49. Bb7 Rg4 50. Ke2 h3 51. Bxd5 h2 0-1